LEADER 03536nam 22006613u 450 001 9910463419003321 005 20211005223254.0 010 $a1-283-96643-3 010 $a0-203-62612-5 010 $a1-136-08666-8 035 $a(CKB)2670000000325274 035 $a(EBL)1111662 035 $a(OCoLC)826855934 035 $a(SSID)ssj0000819991 035 $a(PQKBManifestationID)11515121 035 $a(PQKBTitleCode)TC0000819991 035 $a(PQKBWorkID)10857512 035 $a(PQKB)10218625 035 $a(MiAaPQ)EBC1111662 035 $a(EXLCZ)992670000000325274 100 $a20130418d2013|||| u|| | 101 0 $aeng 135 $aur|n|---||||| 181 $ctxt$2rdacontent 182 $cc$2rdamedia 183 $acr$2rdacarrier 200 10$aLabanotation $ethe system of analyzing and recording movement 205 $a4th ed. 210 $aHoboken $cTaylor and Francis$d2013 215 $a1 online resource (500 pages) 300 $aDescription based upon print version of record. 311 $a0-415-65533-1 311 $a0-415-96561-6 327 $aCover; Labanotation; Title Page; Copyright Page; Table of Contents; ACKNOWLEDGMENTS; AUTHOR'S NOTE TO THE NEW EDITION; PREFACE BY STEPHANIE JORDAN; 1 A BRIEF HISTORY OF DANCE NOTATION; 2 INTRODUCTION TO LABANOTATION; 3 THE APPROACH TO MOVEMENT NOTATION; 4 FUNDAMENTALS OF LABANOTATION; 5 VARIATIONS IN STEPS; 6 POSITIONS OF THE FEET; 7 AERIAL STEPS (SPRINGING); 8 TURNS; 9 ARM GESTURES; 10 LEG GESTURES; 11 SPACE MEASUREMENT; FLEXION, EXTENSION; 12 FLOOR PATTERNS, PATHS; 13 TOUCH AND SLIDE FOR THE LEGS; 14 PARTS OF THE LIMBS; 15 PARTS OF THE TORSO; INCLUSIONS; 16 TILTING (INCLINING) 327 $a17 TURNING (ROTATION) OF THE LIMBS18 ROTATION OF THE TORSO AND HEAD; 19 SPECIFIC FLEXION AND EXTENSION; CONTRACTING, BENDING; 20 RELATIONSHIP; 21 REPEAT AND ANALOGY SIGNS; 22 SCORING; 23 SUPPORTING ON VARIOUS PARTS OF THE BODY; 24 EQUILIBRIUM, LOSS OF BALANCE; 25 SYSTEMS OF REFERENCE; 26 VARIATIONS IN POSITIONS, PATHS, AND STEPS; 27 SPECIFIC PARTS OF THE LIMBS; MOVEMENTS OF HANDS; MANNER OF PERFORMING GESTURES; 28 TYPES OF REVOLUTIONS; DYNAMICS; MISCELLANEOUS; APPENDICES; A ALTERNATE VERSIONS; B OLD VERSIONS; C ORTHOGRAPHY AND AUTOGRAPHY; D UPPER BODY MOVEMENT; E TERMINOLOGY 327 $aGLOSSARY OF SYMBOLSINDEX 330 $aA definitive book for students of dance and movement studies, Labanotation is now available in a fourth edition, the first complete revision of the text since 1977.Initiated by the movement genius Rudolf Laban, and refined through fifty years of work by teachers here and abroad, Labanotation, the first wholly successful system for recording human movement, is now having the effect on ballet and other forms of dance that the prefection of music notation in the Renaissance had on the development of music.This book makes it possible to record accurately, for study and re 606 $aLabanotation 606 $aLabanotation 606 $aLabanotation 606 $aMusic, Dance, Drama & Film$2HILCC 606 $aDance$2HILCC 608 $aElectronic books. 615 4$aLabanotation. 615 4$aLabanotation. 615 0$aLabanotation 615 7$aMusic, Dance, Drama & Film 615 7$aDance 676 $a792.8/2 676 $a792.82 700 $aGuest$b Ann Hutchinson$0906192 801 0$bAU-PeEL 801 1$bAU-PeEL 801 2$bAU-PeEL 906 $aBOOK 912 $a9910463419003321 996 $aLabanotation$92026766 997 $aUNINA